00430nam a22001337a 4500003000400000005001700004008004100021040002200062082001600084100003300100245006200133260008200195300001900277OSt20221027145720.0221027b |||||||| |||| 00| 0 eng d cBiblioteca Lado V 2860aAD231r aAdelstein, Gabrielaeeditora aRIAA/bResidencia Internacional de Artistas en Argentina/ aArgentinabFundación príncipe Claus para la cultura y el desarrolloc2007 a144p.c22x15cm